01104cam a2200265 a 450000100100000000500170001000800410002704000250006808200180009324000480011124501010015926000390026030000210029953400940032065000510041465000450046565000470051065100600055770000180061770000180063570000170065370000320067095201210070299900150082300000315720200929150339.0730529s1984 ag 001 p spa  aDO-SdBNPbspacBNPHU a860.44bP966p04aThe american transcendentalists.lEspañol00aProsa y poesía /cThoreau, emersón, fuller y otros; compilación y prólogo, Perry Miller. aBuenos Aires :bCorregidor,c1984. a341 p. ;c20 cm. aTítulo de la obra en Inglés: Their prose and poetrytThe american transcendentalists. 4aLiteratura américanazNueva Inglaterra99965 4aLiteratura américanay19th SIGLO99966 4aTrascendentalismo (nueva inglaterra)99967 4aNueva InglaterraxColecciones De Obras Literarias999681 aThoreau999691 aEmerson999701 aFuller999711 aMiller, Perry,ecomp.99972 001052708MOaGRbGRcCTd2009-07-06iLF1l0o860.44 P966pp3157-10r2020-06-25w2020-06-25y2ZPréstamo interno c2988d2988